MTG NCERT FINGERTIPS-SCIENCE-CLASS-6 (Record no. 12503)

MARC details
000 -LEADER
fixed length control field 00254nam a22000977a 4500
008 - FIXED-LENGTH DATA ELEMENTS--GENERAL INFORMATION
fixed length control field 231208b |||||||| |||| 00| 0 eng d
020 ## - INTERNATIONAL STANDARD BOOK NUMBER
International Standard Book Number 9789355558558
100 ## - MAIN ENTRY--PERSONAL NAME
Personal name MTG
9 (RLIN) 7733
245 ## - TITLE STATEMENT
Title MTG NCERT FINGERTIPS-SCIENCE-CLASS-6
260 ## - PUBLICATION, DISTRIBUTION, ETC. (IMPRINT)
Place of publication, distribution, etc. New Delhi
Name of publisher, distributor, etc. MTG
Date of publication, distribution, etc. 2023
Holdings
Withdrawn status Lost status Source of classification or shelving scheme Damaged status Koha normalized classification for sorting Not for loan Home library Current library Shelving location Date acquired Total Checkouts Full call number Barcode Date last seen Price effective from Koha item type
    Dewey Decimal Classification   MTG_500_000000000000000   Good Samaritan School Library Good Samaritan School Library Science 12/08/2023   MTG500 MTG17749 12/08/2023 12/08/2023 BOOK

Powered by Koha